000 00754nam a2200253Ia 4500
003 OSt
005 20221005051424.0
006 a|||||r|||| 00| 0
007 ta
008 221004b |||||||| |||| 00| 0 eng d
020 _a9781408800614 (hbk)
_c499
024 _a102366
037 _b258, 08/03/2010, University Book House
_cTextual
040 _aCRL
_cCRL
_beng
041 _2eng
_aeng
082 _aU8.2, P9
100 _aDalrymple William
245 0 _aNine lives
_b In seach of the sacred in modern India
260 _aLondon
_bBloomsbury
_c2009
300 _axvi,284p
_ccm.
650 _aGEOGRAPHY
942 _hU8.2, P9
_cTEXL
_2cc
999 _c958790
_d958790